[Event "NED-ch54"]
[Site "Rotterdam "]
[Date "1999.06.03"]
[Round "5"]
[White "Reinderman, Dimitri"]
[Black "Van der Sterren, Paul"]
[Result "1-0"]
[WhiteElo "2541"]
[BlackElo "2535"]
[Annotator "Wells,P"]
[PlyCount "65"]
[EventDate "1999.05.29"]
[EventType "tourn"]
[EventRounds "11"]
[EventCountry "NED"]
[EventCategory "12"]
[SourceTitle "CBM 072"]
[Source "ChessBase"]
[SourceDate "1999.10.01"]
[SourceVersion "1"]
[SourceVersionDate "1999.10.01"]
[SourceQuality "1"]

1. e4 c6 2. d4 d5 3. exd5 cxd5 4. c4 Nf6 5. Nc3 e6 6. Nf3 Bb4 7. Bd3 dxc4 8.
Bxc4 O-O 9. O-O b6 10. Bg5 Bb7 11. Ne5 (11. Re1 Nbd7 12. Rc1 {is still the
main line - see Acs - Zelcic, Mitropa Cup 1999/ 0-1 (48) / CBM 71 (Wells).}) (
11. Qe2 Nbd7 12. Ne5 (12. Rac1 Bxc3 13. Rxc3 Qb8) 12... Bxc3 13. bxc3 Qc7 {
is an alternative plausible route to the game.}) 11... Nbd7 (11... Nc6 $5 12.
Bxf6 (12. Ba6 {was discussed in the notes to Acs - Zelcic in CBM 71. It does
not present an enduring threat to black's play.}) 12... Qxf6 13. Nd7 Qh4 14.
Nxf8 Rxf8 $1 $44 (14... Nxd4 15. Nxe6 $1 $14)) (11... Bxc3 12. bxc3 Qc7 {
is effectively a draw offer, which it has to be said has been accepted on a
great many occasions, a favourite among those seeking a pleasant afternoon off
in Budapest in the last few years! Of course, acceptance is by no means forced.
} 13. Rc1 $5 (13. Bxf6 gxf6 14. Qg4+ Kh8 15. Qh4 fxe5 (15... Qe7 $4 16. Bd3 $18
) 16. Qf6+ Kg8 17. Qg5+ {etc is the famous draw.}) (13. Qe2 $6 Ne4 $5 ({
Looks more interesting than} 13... Nbd7 {which returns to the game.})) (13. Re1
$5 {this looks quite dangerous, but speculative too.} Nbd7 14. Nxd7 Nxd7 15.
Bd3 Qxc3 16. Re3 Qa5 17. Qh5 (17. Bxh7+ $2 Kxh7 18. Qh5+ Kg8 19. Rh3 f6 $17)
17... g6 18. Qg4 (18. Qh6 $2 Qd5 {[%csl Rd4][%cal Gd5d4,Gd4g7]}) 18... f5 19.
Qf4 Qd5 20. f3 Rac8 21. h4 Rc3 $15 {1-0 Liss,E-Douven,R/Groningen 1994/CBM 45
ext/ (30)}) 13... Nbd7 14. Nxd7 Nxd7 15. Bb3 e5 $6 {Premature? This seems to
open the game up for white's bishops.} 16. Qg4 Kh8 17. Qh4 f6 18. Bc2 e4 19.
Bd2 f5 20. Bf4 Qc6 21. c4 Rae8 (21... Qxc4 22. Bxe4 Qa6 23. Bxb7 Qxb7 24. Rc7
Qd5 25. Qe7 Rf7 26. Qd6 $16) 22. Bb3 e3 23. f3 Nf6 24. Rfe1 e2 25. Qf2 $16 {
1-0 Sadler,M-Cooper,J/England 1998/CBM 64 ext/ (29)}) 12. Qe2 ({The
alternative is} 12. Nxd7 Qxd7 13. Bxf6 gxf6 {[%csl Gd5,Rf6][%cal Gb4c3,Yb2c3,
Ga8c8,Gc8c3] Black's structure looks ugly, but practice in similar positions
suggests that if black has time to exchange on c3 and play ...Rac8, he will
get good play against both the c and d-pawns.} 14. d5 $5 {[%csl Rf6,Rf7][%cal
Ge6d5]} Bxc3 15. bxc3 Rac8 (15... Bxd5 $5 16. Qg4+ Kh8 17. Qd4 {1/2-1/2
Yusupov,A-Ivanchuk,V/Brussels cqf3 1991/CAND (41)} Qd8 $1 18. Bxd5 exd5 $11 {
[%csl Rc3,Rd5,Rf6][%cal Ga8c8]}) 16. Qg4+ Kh8 17. Rad1 (17. dxe6 $2 Qc6 {
[%csl Rg2][%cal Gf8g8,Gg8g2]}) 17... Rg8 18. Qh4 exd5 19. Bd3 Rg7 20. Rfe1 d4
21. Be4 Bxe4 22. Qxe4 Rg4 23. Qf3 Rg6 24. cxd4 $14 {1/2-1/2 Lesiege,A-Taylor,G/
Montreal 1996/EXT 99 (42)}) 12... Bxc3 13. bxc3 Qc7 14. Nxd7 Nxd7 15. Rac1 $1 {
[%csl Rc3] A position of some theoretical importance. Black has tried various
routes to create counterplay to compensate for white's bishop pair. In general,
it seems to me to be risky to head for playing e5 with white's bishop still on
the a2-g8 diagonal. There are also interesting examples of black doing without
...e5 altogether - playing on the c-file and the white squares, perhaps with ..
.Qd6 to hinder white's c3-c4, and with the manouevre ...Nf8-g6 playing a role
too.} h6 $6 {I am not crazy for this move. I suppose the idea is to get it in
while the bishop is likely to return to h4 ( otherwise ...Nf6 is useful ) so
that sacrifices on h6 are not an imminent threat. Still, the ...Nf8-g6 idea is
hindered, and in the future, as we shall see, sacrificial ideas agaist the
weakened king-side are by no means fantasy.} (15... Rfe8 16. f4 (16. Rfe1 $5
Qc6 17. f3 Rec8 18. Bd3 Qd6 19. Qf2 h6 20. Bd2 Re8 21. Qh4 Rad8 22. Bxh6 gxh6
23. Qxh6 f5 24. Qg6+ Kh8 25. Qh6+ Kg8 26. Qg6+ Kh8 27. Qh5+ Kg8 28. Bxf5 Nf8
29. Qg5+ Kh8 30. Qf6+ Kg8 31. Qg5+ Kh8 32. Qf6+ {1/2-1/2 Dokhoian,Y-Rogers,I/
Wijk aan Zee II 1989 (32)}) 16... Rac8 17. Bd3 Qd6 18. Bh4 Nf8 19. Bg3 Qa3 20.
Qd2 Ba6 21. c4 Red8 22. Bf2 Ng6 23. Be3 Nh4 24. Bf2 Nf5 25. Rfd1 Nd6 26. Qe2
Qa4 27. c5 Bxd3 28. Rxd3 Nf5 $15 {[%csl Gf5] 0-1 Hansen,S-Haba,P/Koszalin 1998/
CBM 65 ext (48)}) (15... Qd6 $5 16. f4 Bd5 17. Bd3 {[%cal Yf4f5]} f5 $1 {
[%csl Ge4]} 18. Rfe1 h6 19. Bh4 Nf6 20. Qe5 (20. Bxf6 $5 Rxf6 21. g3) 20...
Qxe5 21. Rxe5 Bxa2 22. Ra1 Bd5 23. Bxf5 exf5 24. Bxf6 Be4 25. Bh4 Rf7 26. Ra3
Rc8 {[%csl Rc3][%cal Ga7a5,Gf7c7]} 27. Be1 Rc6 28. g3 a5 29. Kf2 {0-1 Blehm,
P-Tukmakov,V/Koszalin 1998/CBM 65 ext (53)}) 16. Bh4 Rac8 17. Bb3 $5 Rfe8 18.
a4 $6 Qd6 19. Rfe1 Qa3 20. Qd1 e5 $2 {[%csl Rd7,Rf7][%cal Yb3f7,Ye1e3,Ye3g3,
Yd1g4] This looks like a very bad misjudgement. Black has done fine in the
last few moves, and white has been rather pushed back. I suppose
psychologically, this encouraged black to take serious action, but the
weakness of f7, and the enhancement of the b3 bishop are by far the clearest
outcomes of this break. Perhaps black underestimated the degree to which his
queen, currently playing a restraining role on white's pieces, can be sent
back.} (20... Nf8 $5 {in spite of the above note looks good since white has no
bishop on c2/d3.}) 21. Ra1 Qb2 22. Rb1 {[%csl Yb3][%cal Gb1b3]} Qxc3 23. Qh5
Rf8 24. Be7 Qxd4 25. Rbd1 $1 {Of course, the attack not the exchange is the
point.} Qc3 26. Re3 $1 {Everything with tempo!} Qc7 27. Rg3 $40 Kh8 28. Rxd7 $1
{[%mdl 64] A very pleasing, if not too difficult combination to finish.} Qxd7
29. Qxh6+ $1 gxh6 30. Bf6+ Kh7 31. Rg7+ Kh8 32. Rxf7+ Kg8 33. Rxd7+ 1-0

[Event "Hastings 00 75th"]
[Site "Hastings"]
[Date "2000.01.07"]
[Round "4"]
[White "Speelman, Jonathan S"]
[Black "Emms, John M"]
[Result "1/2-1/2"]
[WhiteElo "2604"]
[BlackElo "2546"]
[Annotator "Wells,P"]
[PlyCount "45"]
[EventDate "2000.01.04"]
[EventType "tourn"]
[EventRounds "9"]
[EventCountry "ENG"]
[EventCategory "13"]
[SourceTitle "CBM 075"]
[Source "ChessBase"]
[SourceDate "2000.04.05"]
[SourceVersion "1"]
[SourceVersionDate "2000.04.05"]
[SourceQuality "1"]

1. d4 Nf6 2. c4 e6 3. Nc3 Bb4 4. e3 O-O 5. Bd3 c5 6. Nf3 d5 7. O-O cxd4 8. exd4
dxc4 9. Bxc4 a6 $5 10. Bg5 (10. Ne5 b5 11. Be2 (11. Qf3 $5 Qxd4 12. Qxa8 Qxe5 {
[%cal Gf6g4,Gb5c4]} 13. Be2 $8 Bxc3 14. bxc3 Qxe2 15. Qxb8 Qc4 $5 16. Ba3 Re8
17. Bb4 Nd5 18. a3 $6 Qc6 19. Qe5 Bb7 $44 {1/2-1/2 Lautier,J-Salov,V/Wijk 1997/
Inf 68 (42) Was the critical line for 9...a6, but black's position is holding
up well. See my notes to Fedorowicz J. - Yermolinsky, USA (ch) 1999 - CBM 73.})
11... Bb7 12. Bg5 {has been played, and leads to the game position.}) 10... b5
11. Be2 $5 $146 {Yes, a novelty in this position, although the idea of trying
to play Ne5 and Bf3 to exert pressure on the long diagonal is not new, as we
have seen above. Neither does it look particularly dangerous.} (11. Bb3 Bb7 12.
Qe2 Bxc3 13. bxc3 Nbd7 14. Ne5 Qc7 15. Nxd7 Nxd7 16. Rac1 h6 17. Bd2 Nf6 18.
Rfe1 Qc6 19. f3 Rad8 $13 {1-0 Sadler,M-Emms,J/Hove 1997/CBM 61 (70) also
looked OK for black.}) 11... Bb7 12. Ne5 Bxc3 $5 {This seems to suffice for a
safe if rather sterile equality. In previous games black has preferred not to
cede the bishop pair. Of course the role of the b5 pawn is different in each
case. After this exchange, it loses it dynamic role, and might become
attackable with a2-a4. On the other hand it controls the c4 square, and
confirms the 'backwardness of white's c-pawn.} (12... Be7 $5 13. Bf3 Ra7 $1 {
[%cal Ga7c7] The knight on b8 often has to stay at home for a while here since
c6 is potentially a problem. The rook has its best chance of activity on the
second rank.} 14. Bxb7 (14. a3 Nd5 15. Bxe7 Nxe7 16. Bxb7 Rxb7 17. Qf3 Rc7 18.
Rad1 Nbc6 $1 19. Rfe1 Nxe5 ({Fritz wants to go} 19... Nxd4 20. Qe4 Nef5 21. g4
f6 {but I imagine he would find a majority favouring this only among strong
machines.}) 20. dxe5 {OK so there is no IQP any more, but black can still try
to show that the e-pawn is loose. That is not an excuse for the speed with
which it disappears in the game!} Rd7 21. h4 $6 Nf5 22. h5 h6 23. Ne4 Rxd1 24.
Rxd1 Qc7 25. g4 $2 Nh4 26. Qg3 Qxe5 27. Qxe5 Nf3+ 28. Kg2 Nxe5 29. Kg3 Nc4 $17
{1/2-1/2 Lanka,Z-Schlosser,P/BL9798 1998 (45)}) 14... Rxb7 15. Qf3 Rc7 16. Rfd1
b4 17. Na4 {[%cal Ya4c5] White would like to show that ...b5-b4 weakens the c5
square, for example in the event of the exchange of light squared bishops. On
the other hand, driving the knight from c3 of course makes the d5 square
black's.} Qd5 18. Qf4 ({If} 18. Qxd5 Nxd5 19. Bxe7 Nxe7 $5 {I suspect that the
weakness of the d-pawn counts for more than the c5 square.}) 18... Nh5 19. Qg4
Nf6 20. Qf4 Nh5 21. Qh4 Bxg5 22. Qxg5 Nf6 23. Nc5 a5 24. Qf4 Rfc8 25. a3 bxa3
26. bxa3 Nc6 27. Nxc6 Rxc6 {[%csl Rc5][%cal Ge6e5] It is not the d-pawn that
is itself weak here, but it cannot sustain the role of supporting the knight's
pretty outpost.} 28. Qd2 e5 29. dxe5 Qxe5 30. Nd7 Nxd7 31. Qxd7 Qxa1 32. Qxc8+
(32. Rxa1 Rc1+ 33. Qd1 Rxd1+ 34. Rxd1 Kf8 {also gives black a slight edge -
the first to solve the back rank problem is the first to activate the rook!})
32... Rxc8 33. Rxa1 a4 $15 {0-1 Krakops,M-Dautov,R/Eu Team Ch, Batumi GEO 1999
(60)}) 13. bxc3 Nbd7 $1 {One of a number of analagous positions where black
has little to fear in accepting the doubled f-pawns. The fact that black has
played b5 hardly creates much of a target} 14. Nxd7 Qxd7 15. Bxf6 gxf6 16. a4
Kh8 17. axb5 axb5 18. Qd3 Bc6 19. Bf3 Qb7 $11 {The f6 and b5 pawns are easily
covered, and there is little more to play for.} 20. Bxc6 Qxc6 21. Qe3 Rxa1 22.
Rxa1 Ra8 23. Rxa8+ 1/2-1/2

[Event "Vikings GM 2nd"]
[Site "York"]
[Date "2000.12.13"]
[Round "1"]
[White "Rowson, Jonathan"]
[Black "Wells, Peter K"]
[Result "1/2-1/2"]
[WhiteElo "2494"]
[BlackElo "2506"]
[Annotator "Wells,P"]
[PlyCount "37"]
[EventDate "2000.12.13"]
[EventType "tourn"]
[EventRounds "10"]
[EventCountry "ENG"]
[EventCategory "12"]
[SourceTitle "CBM 081"]
[Source "ChessBase"]
[SourceDate "2001.03.20"]
[SourceVersion "1"]
[SourceVersionDate "2001.03.20"]
[SourceQuality "1"]

1. e4 c6 2. c4 d5 3. exd5 cxd5 4. d4 Nf6 5. Nc3 e6 6. Nf3 Bb4 7. Bd3 dxc4 8.
Bxc4 O-O 9. O-O b6 10. Bg5 Bb7 11. Re1 Nbd7 12. Rc1 Rc8 13. Qb3 Bxc3 $5 14.
Rxc3 h6 15. Bh4 Qe8 $1 {[%cal Gb7d5] An important move, but known to theory -
I claim no credit! The idea is simple: exchange of part of the bishop pair.
Subsidiary ideas include the control of the square in front of the 'isolani'
and the possibility that the h4 bishop is not so great. In other words, there
are scenarios in which black can have ambitions too.} 16. Ne5 (16. Nd2 Bd5 $13)
16... Nxe5 17. dxe5 Ne4 18. Rc2 Qc6 19. f3 1/2-1/2

[Event "Hastings 0102 77th"]
[Site "Hastings"]
[Date "2002.01.01"]
[Round "4"]
[White "Krush, Irina"]
[Black "Wells, Peter K"]
[Result "1/2-1/2"]
[WhiteElo "2411"]
[BlackElo "2517"]
[Annotator "Wells,P"]
[PlyCount "44"]
[EventDate "2001.12.29"]
[EventType "tourn"]
[EventRounds "9"]
[EventCountry "ENG"]
[EventCategory "11"]
[SourceTitle "CBM 087"]
[Source "ChessBase"]
[SourceDate "2002.03.21"]
[SourceVersion "1"]
[SourceVersionDate "2002.03.21"]
[SourceQuality "1"]

{I have to admit that I rather hesitate to write detailed notes to this game.
Perhaps immodestly, and quite possibly not objectively, I regard it as one of
the most entertaining of the tournament. A short draw, between the two
tail-enders, which I find both rich in content and excitement and perhaps even
theoretical significance. No worries therefore about the quality. So, why the
hesitation? Well, I simply feel like the man who never learns. I am again to
put one of my interesting pet opening weapons under the microscope, and I hope
to do so with pretty complete candour. The special thing about this game is
that Irina's comments afterwords suggest that such a policy could have been
quite costly. Not only did my writing about this line for ChessBase aid her
preparation, it was even the first she had heard about the line!!} 1. d4 Nf6 2.
c4 e6 3. Nc3 Bb4 4. e3 O-O 5. Bd3 d5 6. Nf3 c5 7. O-O dxc4 8. Bxc4 cxd4 9. exd4
b6 10. Bg5 Bb7 11. Ne5 {The sharpest choice by which white attempts
immediately to disrupt the flow of her opponent's development.} ({The most
frequently encountered line is} 11. Re1 Nbd7 12. Rc1 Rc8 {and since Kramnik
used it to defeat Kasparov in London} 13. Qb3 $5 {seeme to be all the rage.})
11... Nc6 $5 {A rather uncommon reply, one of the virtues of which should, in
an ideal world be surprise value. However, not only had I played it once
before, I had been foolish enough to write about the experience! The more
standard theretical paths are also perhaps acceptable for black, but I do not
find them particularly enticing eg.} (11... Bxc3 12. bxc3 Qc7 13. Bb3 $5 ({
black's choice also affords white the possibility of an immediate cessation of
hostilities with} 13. Bxf6 gxf6 14. Qg4+ Kh8 15. Qh4 fxe5 16. Qf6+ Kg8 17. Qg5+
Kh8 18. Qf6+ $11) (13. Bd3 $5) 13... Nc6 14. Bxf6 gxf6 15. Ng4 f5 16. Nf6+ Kg7
17. Nh5+ Kh8 18. d5 Rad8 19. c4 $6 (19. Qc1 $1 {[%csl Rf6,Rg7,Rh8][%cal Gc1h6]
looks far more dangerous for black.} exd5 $140 20. Qh6 f6 21. Nf4 $16) 19... e5
20. Qd2 Nd4 21. f4 f6 $132 {1/2-1/2 Emms,J-Lalic,B/Scarborough HUN 2001/The
Week in Chess 353/[Wells] (40)}) (11... Nbd7 12. Nxd7 Qxd7 13. Bxf6 gxf6 14. d5
Bxc3 15. bxc3 Bxd5 16. Qg4+ Kh8 17. Rfd1 $5 $36) (11... Be7 {is of course
playable, but a bit passive since Ne5 is of course quite appropriate in such a
position.}) 12. Bxf6 {The main test. In my previous outing with this line the
surprise value was also rather deadened when white immediately produced a
novelty, which while interesting should not be worth more than a draw viz:} (
12. Ba6 $5 $146 Bxa6 $8 13. Nxc6 Qd6 14. Bxf6 gxf6 15. Qg4+ (15. Nxb4 Bxf1 16.
Qg4+ Kh8 17. Qh4 Rg8 $15) (15. Qf3 Bxf1 (15... Bxc3 16. Qxf6 Qxc6 17. Qg5+ $11)
16. Ne4 Be2 $1 17. Qxf6 Qd5 18. Nc3 Qf5 19. Qxf5 exf5 20. Nxb4 $13 {but I
somehow think this line is creating risk for white rather than black.}) 15...
Kh8 16. Qf3 (16. Qh4 {looks like the surest route to half a point.} Qxc6 17.
Qxf6+ Kg8 18. Qg5+ Kh8 19. Qf6+ $11) 16... f5 (16... Bxf1 17. Qxf6+ Kg8 18. Re1
(18. Rxf1 Qxc6 19. Qg5+ $11) 18... Bd3 19. Ne4 Qxc6 (19... Bxe4 $4 20. Rxe4)
20. Qg5+ $11) 17. Rfd1 Bxc3 $1 18. Qxc3 Rac8 {[%cal Yc8c3]} 19. d5+ f6 20. Qa3
(20. Qb4 $2 Rxc6) (20. Qf3 Bb7 $13) 20... Qxa3 21. bxa3 exd5 22. Ne7 Rc3 $132 {
1-0 Babula,V-Wells,P/BL 1999/[Wells] (50)}) 12... Qxf6 (12... gxf6 {is risky.
If this turns out to be the best then personally I won't touch the line any
more, and unfortunately from the preparation point of view I think Irina
realised this from my previous notes.} 13. Nxc6 Bxc6 14. d5 Bxc3 15. dxc6 Bxb2
16. Qg4+ Kh8 17. Rad1 Qc7 18. Bxe6 Rg8 19. Qh3 Rae8 20. Rd7 Qxc6 21. Rxf7 Rg7
22. Rxg7 Kxg7 23. Bd7 Qe4 24. Bxe8 Qxe8 25. Rd1 Qe2 26. Rd7+ Kf8 27. Qe3 {
1-0 Buckley,G-Kunte,A/London 2001 (27)}) 13. Nd7 Qh4 14. Nxf8 Rxf8 {Necessary.}
(14... Nxd4 15. Nxe6 $1 {favours white. Without wanting to go deeply into
analysis, this makes sense. In general black's counterplay is likely to be
sufficient to net a pawn and hopefully some positional compensation too, but
is unlikely to result in a mating attack. For this reason it is hardly
surprising that black cannot afford himself to have structural damage
inflicted, even if a little time is thereby saved.} ({Not however} 15. Nd7 Bf3
$1 {when we are in the realm of real mating threats.})) 15. a3 $1 {Not just
probably the best move, but played with alarming speed. As I mentioned in my
introductory notes, Irina's preparation had cleverly focussed on this line,
aided by my indiscreet notes for ChessBase!} (15. Ne2 Rd8 16. Qb3 (16. g3 Qf6
$40) 16... Nxd4 17. Nxd4 Rxd4 18. Qxb4 Bxg2 19. Qb5 g6 (19... h6 $5) 20. Be2 (
20. Bxe6 fxe6 21. Rfc1 Rf4 22. Rc8+ Kg7 23. Qe5+ Kh6 $17) 20... Bh3 21. Bf3 $4
(21. Qe5 $1 Rd5 22. Qb8+ Kg7 23. f4 Bxf1 24. Rxf1 {is still quite unclear,
although the exposure of white's king spells definite compensation.}) 21...
Qg4+ {0-1 Farago,I-Rigo,J/Budapest 1976/MCD/[Wells] (21)}) (15. d5 $5 Qxc4 16.
dxc6 Qxc6 17. Qg4) 15... Be7 $1 (15... Bd6 16. g3 $1 Qh3 (16... Qxd4 17. Nb5
Qxc4 $140 18. Nxd6 {[%csl Rb7,Rc4][%cal Yd6c4,Yd6b7]}) 17. Re1 (17. d5 Ne5 18.
Be2 {might also be possible, but during the game it was the re-organisation of
the pieces via Re1 and Bf1 that was for me the most off-putting.}) 17... Nxd4
18. Bf1 Nf3+ 19. Qxf3 Qxf1+ 20. Kxf1 Bxf3 21. Ne4 $14 {I was not keen to touch
this R+N v BBP in an ending. The rooks have considerable freedom of movement.})
16. d5 Bd6 $1 17. f4 $5 ({A key test of black's tactics, and I think the
choice here is of great theoretical importance. In the event that black's
dangerous counterplay can be shown to be fully adequate the assessment of the
line should hang upon the merits of the quieter positional balance after} 17.
g3 $5 Qxc4 18. dxc6 Qxc6 19. f3 {my feeling is that with the bishop pair and a
pawn against rook and knight black should be OK, although ( as I mentioned in
passing in my strategy column ) the assessment of any exchange sacrifice will
also rest upon the availablity of open files for the side with the spare rook.
For this reason there is for me no question of white being worse either.} Ba6
$5 20. Re1 Rd8 $13) 17... exd5 $1 18. Nxd5 $1 ({During the game I also reckoned
} 18. g3 {to be a serious option, but was basically right in being satisfied
with black's play after} Bc5+ 19. Kg2 Qe7 20. Re1 (20. Bxd5 Nd4 $1 21. Bxb7
Qxb7+ 22. Kh3 {[%csl Rh3]} Qc8+ $1 23. g4 Re8 24. Qd3 h5 $132 {with enduring
attacking chances.}) 20... Qd7 $1 ({as usual here the queen sacrifices are
sadly just fun rather than convincing.} 20... dxc4 21. Rxe7 Nxe7+ 22. Kf1 Nf5
23. Qd7 $16) 21. Bxd5 Nd4 $1 22. Re5 (22. Be4 $2 f5 23. Bxb7 Qxb7+ 24. Kh3 Rf6
$17) (22. Bxb7 Qxb7+ 23. Kh3 Qc8+ 24. g4 (24. Kg2 Qb7+ $11) 24... Rd8 25. Ne4
h5 $40) 22... Rd8 $1 (22... Bxd5+ $6 23. Rxd5 Qc6 24. Qd3 Re8 25. b4 $16) 23.
Qd3 Nc6 {and again the position of white's forces, her king in particular
present difficulties.}) 18... Ne5 $5 19. Qe2 $6 {Clearly not the most testing.
When this first appeared on the board I suspected I would have a serious
tactical blow, but in fact black merely has a choice of routes to equality.
However, I was also coming to the conclusion that the stronger move} (19. g3 $1
{afforded me a safe 'default' option, and a fun if unlikely option. In the
cold light of day, it is no longer clear to me that either suffices:} Bc5+ 20.
Kg2 (20. Kh1 $2 Nxc4 $3 21. gxh4 Rd8 {gives black a ferocious attack, as I saw
during the game. White's king really needs the h3 square.}) 20... Qg4 ({
a good 'practical player' probably wouldn't even look at} 20... Nxc4 21. gxh4
Rd8 (21... Ne3+ 22. Kg3 Bxd5 $5 (22... Nxd1 23. Raxd1 {is a jolt back to
reality. When 'cashing in' by capturing a queen for a knight leaves an
unacceptable material deficit, there is suddenly a 'credibility gap'!}) 23. Qa4
Nf5+ 24. Kh3 $16) 22. Kg3 Rxd5 23. Qe2 Nd6 24. Rad1 Nf5+ 25. Kh3 {and again
the fun is pretty much exhausted.}) 21. Ba2 Qxd1 22. Rfxd1 $1 (22. Raxd1 Ng4
$11 {[%cal Gg4e3]}) 22... Ng4 23. Rd2 $1 {this is the move I missed. I have
had to revise my view of black's attack. The theoretical status of the whole
line requires a boost here!} (23. b4 Ne3+ 24. Kh3 Bc8+ $1 25. Kh4 Nf5+ $132 {
[%csl Rh4]}) 23... Ne3+ (23... Rd8 $6 24. b4 $1 Ne3+ 25. Kg1 Nc4+ 26. bxc5 Nxd2
27. Rd1 $16) 24. Kh3 Bc8+ 25. g4 $1 {and black's compensation fizzles out to
some extent.} ({but not} 25. Kh4 $6 Nxd5 26. Bxd5 Be7+ 27. Kh5 Bf5 {[%csl Rh5]
looks very treacherous for white.})) 19... Ng4 20. h3 Bc5+ (20... Bxd5 21. Bxd5
Ne3 $11 {was my first thought and equally valid.}) 21. Kh1 Ne3 22. b4 (22. Nxe3
$4 Qxh3+ $19) 22... Bd4 {A lively tussle in a risky but fascinating line which
I still think will repay further attention.} 1/2-1/2